[Event "CZE-chT2A 1617"]
[Site "Czech Republic"]
[Date "2017.02.12"]
[Round "8.6"]
[White "Seifarth, Robert"]
[Black "Chmel, Kristian"]
[Result "1-0"]
[WhiteElo "2172"]
[BlackElo "2119"]
[PlyCount "95"]
[EventDate "2016.10.09"]
[EventType "team-tourn"]
[EventRounds "11"]
[EventCountry "CZE"]
[SourceTitle "EXT 2022"]
[Source "ChessBase"]
[SourceDate "2021.10.06"]
[SourceVersion "1"]
[SourceVersionDate "2021.10.06"]
[SourceQuality "1"]
[WhiteTeam "Praha Dopravni podnik"]
[BlackTeam "Praha Kobylisy"]
[WhiteTeamCountry "CZE"]
[BlackTeamCountry "CZE"]

1. c4 Nf6 2. g3 g6 3. Bg2 d5 4. cxd5 Nxd5 5. Qb3 Nb6 6. Qc3 f6 7. d4 Na6 8. a3 Bg7 9. b4 c6 10. Nf3 0-0 11. 0-0 Kh8 12. Qc2 Nc7 13. Bd2 Nb5 14. e3 Bf5 15. Qc1 Qd7 16. Re1 Nd6 17. a4 Nbc4 18. Bc3 a5 19. bxa5 Nxa5 20. Nbd2 Ra7 21. Bb4 Qc7 22. e4 Bg4 23. Ra3 Rd8 24. Rc3 Qb8 25. e5 Nf5 26. h3 Bxf3 27. Nxf3 b6 28. exf6 exf6 29. Re6 Qc8 30. Bxa5 Qxe6 31. Bxb6 Rad7 32. Rxc6 Rd6 33. Rxd6 Rxd6 34. a5 Ne7 35. Nd2 Nc8 36. Bc5 Rd8 37. d5 Qe2 38. Be3 Qa6 39. Nb3 Nd6 40. Bb6 Rc8 41. Qf4 Nf5 42. d6 Qd3 43. Nd4 Nxd4 44. Bxd4 Qb5 45. a6 Qxa6 46. d7 Rf8 47. Qc7 Qa1+ 48. Bxa1 1-0

[Event "CZE-chT2A 1617"]
[Site "Czech Republic"]
[Date "2017.01.15"]
[Round "6.6"]
[White "Hajek, Jiri2222"]
[Black "Chmel, Kristian"]
[Result "0-1"]
[WhiteElo "2002"]
[BlackElo "2119"]
[PlyCount "120"]
[EventDate "2016.10.09"]
[EventType "team-tourn"]
[EventRounds "11"]
[EventCountry "CZE"]
[SourceTitle "EXT 2022"]
[Source "ChessBase"]
[SourceDate "2021.10.06"]
[SourceVersion "1"]
[SourceVersionDate "2021.10.06"]
[SourceQuality "1"]
[WhiteTeam "Domazlice"]
[BlackTeam "Praha Kobylisy"]
[WhiteTeamCountry "CZE"]
[BlackTeamCountry "CZE"]

1. e4 c5 2. Nf3 d6 3. Bb5+ Bd7 4. Bxd7+ Qxd7 5. c4 Nc6 6. d4 cxd4 7. Nxd4 Nf6 8. Nc3 e6 9. 0-0 Be7 10. f3 0-0 11. Be3 Rfd8 12. Nde2 d5 13. cxd5 exd5 14. exd5 Nb4 15. Qb3 Nbxd5 16. Bf2 Qf5 17. Rfd1 Nb4 18. Ng3 Qg6 19. Nge4 Nd3 20. Qxb7 Nf4 21. Bg3 Nxe4 22. Rxd8+ Rxd8 23. Qxe7 Qb6+ 24. Kh1 Nxg3+ 25. hxg3 Ng6 26. Qe2 Rd6 27. Rd1 Re6 28. Qd2 Nf8 29. Qd4 Qxb2 30. Kg1 h6 31. a4 Rg6 32. Ne4 Qxd4+ 33. Rxd4 Rc6 34. Rd8 f6 35. Rd6 Rxd6 36. Nxd6 Ne6 37. Kf2 Kf8 38. Ke3 a6 39. a5 g6 40. Ke4 Nc7 41. Kd4 Ke7 42. Nc4 Ke6 43. Kc5 Nd5 44. Kc6 Nb4+ 45. Kb6 h5 46. Nd2 f5 47. Nb3 Kd6 48. f4 Kd5 49. Nc5 Nc6 50. Nxa6 Nxa5 51. Nc7+ Ke4 52. Kxa5 Ke3 53. Kb4 Kf2 54. Kc3 Kxg2 55. Ne6 Kxg3 56. Kd3 h4 57. Ng5 h3 58. Nxh3 Kxh3 59. Ke2 Kg3 60. Ke3 Kg4 0-1

[Event "CZE-chT2A 1617"]
[Site "Czech Republic"]
[Date "2016.10.30"]
[Round "2.7"]
[White "Tichy, Stepan"]
[Black "Chmel, Kristian"]
[Result "1/2-1/2"]
[WhiteElo "2201"]
[BlackElo "2119"]
[PlyCount "169"]
[EventDate "2016.10.09"]
[EventType "team-tourn"]
[EventRounds "11"]
[EventCountry "CZE"]
[SourceTitle "EXT 2022"]
[Source "ChessBase"]
[SourceDate "2021.10.06"]
[SourceVersion "1"]
[SourceVersionDate "2021.10.06"]
[SourceQuality "1"]
[WhiteTeam "Karlovy Vary Tietz"]
[BlackTeam "Praha Kobylisy"]
[WhiteTeamCountry "CZE"]
[BlackTeamCountry "CZE"]

1. c4 Nf6 2. Nc3 d5 3. cxd5 Nxd5 4. g3 g6 5. Bg2 Nb6 6. Nf3 Bg7 7. 0-0 0-0 8. d4 Nc6 9. d5 Na5 10. e4 c6 11. dxc6 Nxc6 12. h3 Be6 13. Bf4 Qc8 14. Kh2 Bc4 15. Rg1 Rd8 16. Qc1 Nb4 17. Ne1 Qe6 18. a3 Na2 19. Nxa2 Bxa2 20. e5 Rac8 21. Qe3 Nd5 22. Bxd5 Bxd5 23. Nf3 h6 24. g4 g5 25. Bg3 Bxf3 26. Qxf3 Bxe5 27. Rge1 Bxg3+ 28. Qxg3 Qf6 29. Re2 Rd7 30. Rae1 Rcd8 31. Qe5 Qf3 32. Qe3 Qxe3 33. Rxe3 e6 34. R1e2 Rd4 35. Kg2 R8d7 36. Re4 Kg7 37. Rxd4 Rxd4 38. Rc2 Rd7 39. Kf3 Kg6 40. Ke3 Kf6 41. Rc8 Ke5 42. Rc5+ Kd6 43. Rc8 Rc7 44. Rb8 Ke5 45. a4 f6 46. Kf3 Rf7 47. Ke3 Kd5 48. Kd3 f5 49. gxf5 exf5 50. Rh8 Rf6 51. a5 a6 52. Rh7 b6 53. b4 bxa5 54. bxa5 Kc5 55. Rb7 h5 56. Rh7 g4 57. Rxh5 gxh3 58. Rxh3 Kb5 59. Kd4 Kxa5 60. Kc5 Ka4 61. Rf3 f4 62. Rd3 a5 63. Kc4 f3 64. Re3 Rf8 65. Kd4 Rf5 66. Rd3 Rf8 67. Re3 Rd8+ 68. Kc4 Rc8+ 69. Kd4 Kb4 70. Rxf3 a4 71. Rf7 Rd8+ 72. Ke5 Ra8 73. f4 a3 74. Rb7+ Kc3 75. Rb1 Kc2 76. Rf1 a2 77. Ra1 Kb2 78. Rxa2+ Kxa2 79. f5 Kb3 80. f6 Kc4 81. f7 Kc5 82. Ke6 Kc6 83. Ke7 Ra7+ 84. Ke6 Rxf7 85. Kxf7 1/2-1/2

[Event "Klatovy op 22nd"]
[Site "Klatovy"]
[Date "2016.07.05"]
[Round "4"]
[White "Chmel, Kristian"]
[Black "Van der Hoeven, Gerben"]
[Result "1-0"]
[WhiteElo "2114"]
[BlackElo "1968"]
[PlyCount "44"]
[EventDate "2016.07.02"]
[EventType "swiss"]
[EventRounds "9"]
[EventCountry "CZE"]
[SourceTitle "CBM 173 Extra"]
[Source "ChessBase"]
[SourceDate "2016.08.29"]
[SourceVersion "1"]
[SourceVersionDate "2016.08.29"]
[SourceQuality "1"]

1. d4 c5 2. d5 e5 3. e4 d6 4. Nf3 Nf6 5. Nc3 a6 6. a4 Bg4 7. Be2 Nbd7 8. Nd2 Bxe2 9. Qxe2 g6 10. Nc4 Rb8 11. a5 Nh5 12. g3 Be7 13. Bh6 Rg8 14. Bd2 Rf8 15. 0-0 f5 16. f4 exf4 17. exf5 Ne5 18. Nxe5 dxe5 19. g4 gxf5 20. gxh5 Qc7 21. Rae1 Bd6 22. Bxf4 Kd7 1-0

[Event "Klatovy op 22nd"]
[Site "Klatovy"]
[Date "2016.07.02"]
[Round "1"]
[White "Kostelecky, Daniel"]
[Black "Chmel, Kristian"]
[Result "0-1"]
[WhiteElo "1862"]
[BlackElo "2114"]
[PlyCount "60"]
[EventDate "2016.07.02"]
[EventType "swiss"]
[EventRounds "9"]
[EventCountry "CZE"]
[SourceTitle "CBM 173 Extra"]
[Source "ChessBase"]
[SourceDate "2016.08.29"]
[SourceVersion "1"]
[SourceVersionDate "2016.08.29"]
[SourceQuality "1"]

1. e4 c5 2. Nf3 d6 3. d4 cxd4 4. Nxd4 Nf6 5. Nc3 a6 6. Bg5 Nbd7 7. f4 Qc7 8. Be2 b5 9. a3 Bb7 10. Bf3 e6 11. Qe2 Be7 12. e5 dxe5 13. fxe5 Bxf3 14. Qxf3 Qxe5+ 15. Be3 Rc8 16. 0-0 0-0 17. Rad1 Bc5 18. Nce2 Nd5 19. Bc1 N7b6 20. Kh1 Nc4 21. Rd3 Be7 22. Nf4 Ncb6 23. Qf2 Bc5 24. c3 Bd6 25. Rh3 Nxf4 26. Bxf4 Qxf4 27. Qxf4 Bxf4 28. Rxf4 e5 29. Rfh4 exd4 30. Rxh7 f6 0-1

[Event "CZE-chT1W 1516"]
[Site "Czech Republic"]
[Date "2016.03.20"]
[Round "10.5"]
[White "Constantinou, Peter"]
[Black "Chmel, Kristian"]
[Result "1-0"]
[WhiteElo "2280"]
[BlackElo "2075"]
[PlyCount "103"]
[EventDate "2015.10.11"]
[EventType "team-tourn"]
[EventRounds "11"]
[EventCountry "CZE"]
[SourceTitle "EXT 2017"]
[Source "ChessBase"]
[SourceDate "2016.10.25"]
[SourceVersion "1"]
[SourceVersionDate "2016.10.25"]
[SourceQuality "1"]
[WhiteTeam "Praha Pankrac"]
[BlackTeam "Praha Kobylisy"]
[WhiteTeamCountry "CZE"]
[BlackTeamCountry "CZE"]

1. d4 Nf6 2. Nf3 g6 3. Nbd2 d5 4. e3 Bg7 5. b4 e6 6. c4 0-0 7. Bb2 dxc4 8. Bxc4 b6 9. 0-0 Bb7 10. Qb3 Nbd7 11. Rfd1 Rb8 12. a4 Ne4 13. Nxe4 Bxe4 14. Nd2 Bb7 15. Be2 Nf6 16. Bf3 Bd5 17. Bxd5 Qxd5 18. Rac1 Rfc8 19. b5 Qxb3 20. Nxb3 Nd5 21. Rc4 c5 22. Rdc1 Re8 23. Ba1 cxd4 24. Nxd4 h5 25. Nc6 Ra8 26. Bxg7 Kxg7 27. e4 Nf4 28. Rd1 a6 29. g3 Nh3+ 30. Kg2 Ng5 31. Rd7 axb5 32. axb5 e5 33. Rb7 Ra2 34. h4 Nh7 35. Rxb6 Re6 36. Ra6 Rb2 37. Rb4 Rc2 38. Na5 Rf6 39. Rxf6 Nxf6 40. b6 Nd7 41. b7 Nb8 42. Nc4 f6 43. Ra4 Nc6 44. Nd6 Rd2 45. Rc4 Rxd6 46. Rxc6 Rxc6 47. b8Q Re6 48. Qd8 Ra6 49. Qc7+ Kh6 50. Qc8 Ra7 51. Qh8+ Rh7 52. Qxf6 1-0